[Event "FIN-chT1 West 1314"]
[Site "Finland"]
[Date "2014.03.08"]
[Round "7.8"]
[White "Suuronen, Petri"]
[Black "Frisk, Ensio"]
[Result "1/2-1/2"]
[WhiteElo "1917"]
[BlackElo "1837"]
[PlyCount "59"]
[EventDate "2013.09.21"]
[EventType "team-tourn"]
[EventRounds "9"]
[EventCountry "FIN"]
[SourceTitle "EXT 2022"]
[Source "ChessBase"]
[SourceDate "2021.10.06"]
[SourceVersion "1"]
[SourceVersionDate "2021.10.06"]
[SourceQuality "1"]
[WhiteTeam "Vantaa EtVaS II"]
[BlackTeam "Helsinki I-HSK"]
[WhiteTeamCountry "FIN"]
[BlackTeamCountry "FIN"]

1. Nf3 d5 2. g3 Nf6 3. b3 c5 4. Bb2 Nc6 5. Bg2 Bf5 6. 0-0 e6 7. d3 Be7 8. Nbd2 0-0 9. Nh4 Bg6 10. Nxg6 hxg6 11. e4 d4 12. f4 e5 13. a4 Qc7 14. Nc4 a6 15. a5 exf4 16. gxf4 Rad8 17. Qd2 Nh7 18. Nb6 g5 19. Nd5 Qd6 20. Bc1 gxf4 21. Nxe7+ Nxe7 22. Qxf4 Qxf4 23. Bxf4 Ng6 24. Bc7 Rc8 25. Bb6 Ne5 26. Rf5 f6 27. Raf1 g6 28. R5f4 Kg7 29. Bh3 Rc6 30. R1f2 1/2-1/2

[Event "FIN-chT1 West 1314"]
[Site "Finland"]
[Date "2013.10.12"]
[Round "2.6"]
[White "Perho, Aki"]
[Black "Suuronen, Petri"]
[Result "1/2-1/2"]
[WhiteElo "1897"]
[BlackElo "1917"]
[PlyCount "67"]
[EventDate "2013.09.21"]
[EventType "team-tourn"]
[EventRounds "9"]
[EventCountry "FIN"]
[SourceTitle "EXT 2022"]
[Source "ChessBase"]
[SourceDate "2021.10.06"]
[SourceVersion "1"]
[SourceVersionDate "2021.10.06"]
[SourceQuality "1"]
[WhiteTeam "Pori PSY"]
[BlackTeam "Vantaa EtVaS II"]
[WhiteTeamCountry "FIN"]
[BlackTeamCountry "FIN"]

1. d4 d6 2. Nf3 Bg4 3. c4 g6 4. Nc3 Bg7 5. h3 Bxf3 6. gxf3 Nc6 7. d5 Ne5 8. f4 Nd7 9. e4 a5 10. Be2 Nc5 11. Bf3 Nf6 12. Be3 Nfd7 13. Bd4 0-0 14. Bxg7 Kxg7 15. h4 e5 16. f5 gxf5 17. exf5 Kh8 18. Qd2 Qf6 19. Qg5 Rg8 20. Qxf6+ Nxf6 21. 0-0-0 e4 22. Be2 Rg2 23. Rdf1 Ng4 24. Bxg4 Rxg4 25. f3 Rg2 26. Nxe4 Nd3+ 27. Kb1 Rxb2+ 28. Ka1 Rg2 29. Rhg1 Rag8 30. Ng5 Rxg1 31. Rxg1 Rf8 32. Rd1 Ne5 33. f4 Nxc4 34. Rc1 1/2-1/2

[Event "FIN-chT1 West 1314"]
[Site "Finland"]
[Date "2013.09.21"]
[Round "1.4"]
[White "Mellin, Pasi"]
[Black "Suuronen, Petri"]
[Result "1-0"]
[WhiteElo "2012"]
[BlackElo "1917"]
[PlyCount "83"]
[EventDate "2013.09.21"]
[EventType "team-tourn"]
[EventRounds "9"]
[EventCountry "FIN"]
[SourceTitle "EXT 2022"]
[Source "ChessBase"]
[SourceDate "2021.10.06"]
[SourceVersion "1"]
[SourceVersionDate "2021.10.06"]
[SourceQuality "1"]
[WhiteTeam "Loimaa SK"]
[BlackTeam "Vantaa EtVaS II"]
[WhiteTeamCountry "FIN"]
[BlackTeamCountry "FIN"]

1. c4 d6 2. Nc3 e5 3. g3 Nf6 4. Bg2 Be7 5. e3 0-0 6. Nge2 c6 7. d4 exd4 8. Nxd4 Qc7 9. 0-0 Na6 10. b3 Nc5 11. Qc2 g6 12. Rd1 Ne6 13. Ba3 Rd8 14. Rd2 Bf8 15. Rad1 Ng4 16. Ne4 d5 17. Bxf8 dxe4 18. Ba3 Qa5 19. Bb2 f5 20. a3 Nxd4 21. Rxd4 Rxd4 22. Rxd4 Be6 23. b4 Qc7 24. Qc3 Kf8 25. Rd2 Re8 26. c5 Bg8 27. Bf1 Ne5 28. Be2 Bd5 29. h4 Qg7 30. Kf1 g5 31. hxg5 Qxg5 32. Kg2 h5 33. Rd1 h4 34. Rh1 hxg3 35. Rh8+ Bg8 36. fxg3 Qg7 37. Rh5 Qg6 38. Qd4 Kg7 39. Qd7+ Bf7 40. Rxf5 Kg8 41. Rxe5 Be6 42. Bc4 1-0

[Event "FIN-chT1 West 1213"]
[Site "Finland"]
[Date "2012.10.27"]
[Round "2.7"]
[White "Koskinen, Veikko"]
[Black "Suuronen, Petri"]
[Result "1/2-1/2"]
[WhiteElo "1976"]
[BlackElo "1894"]
[PlyCount "45"]
[EventDate "2012.09.29"]
[EventType "team-tourn"]
[EventRounds "7"]
[EventCountry "FIN"]
[SourceTitle "EXT 2019"]
[Source "ChessBase"]
[SourceDate "2018.10.10"]
[SourceVersion "1"]
[SourceVersionDate "2018.10.10"]
[SourceQuality "1"]
[WhiteTeam "Helsinki KS 58"]
[BlackTeam "Vantaa EtVaS II"]
[WhiteTeamCountry "FIN"]
[BlackTeamCountry "FIN"]

1. e4 d6 2. d4 Nf6 3. Nc3 e5 4. f3 exd4 5. Qxd4 Nc6 6. Bb5 Bd7 7. Bxc6 Bxc6 8. Be3 g6 9. Qd2 Bg7 10. 0-0-0 0-0 11. g4 b5 12. Bg5 b4 13. Nce2 a5 14. h4 Qb8 15. Nd4 Qb7 16. h5 Rfb8 17. hxg6 hxg6 18. Bh6 Bh8 19. Qh2 a4 20. Bg5 Bg7 21. Bh6 Bh8 22. Bg5 Bg7 23. Bh6 1/2-1/2

[Event "Alcudia Belleuve"]
[Site "Alcudia"]
[Date "2012.10.21"]
[Round "9.6"]
[White "Suuronen, Petri"]
[Black "Castrillon Otero, Javier"]
[Result "0-1"]
[WhiteElo "1894"]
[BlackElo "1897"]
[PlyCount "93"]
[EventDate "2012.10.14"]
[EventType "swiss"]
[EventRounds "9"]
[EventCountry "ESP"]
[SourceTitle "EXT 2024"]
[Source "ChessBase"]
[SourceDate "2023.10.10"]
[SourceVersion "1"]
[SourceVersionDate "2023.10.10"]
[SourceQuality "1"]

1. Nf3 d5 2. g3 Nf6 3. Bg2 Bf5 4. 0-0 e6 5. d3 Be7 6. Nbd2 0-0 7. Nh4 Bg4 8. h3 Bh5 9. Qe1 Ne8 10. Nhf3 f5 11. Ne5 Nd7 12. Ndf3 Nef6 13. b3 Bd6 14. Bb2 Qe7 15. a3 Rae8 16. Qd2 c6 17. Rfe1 Bxf3 18. exf3 Nxe5 19. Bxe5 Bxa3 20. c3 Bc5 21. b4 Bb6 22. d4 a6 23. Qc2 Bc7 24. Bxc7 Qxc7 25. f4 Re7 26. f3 Nd7 27. Bf1 g5 28. Qd2 gxf4 29. gxf4 Rf6 30. Bd3 Nf8 31. Kh2 Ng6 32. Rg1 Kf7 33. Kg3 Nxf4 34. Bf1 Ne2+ 35. Kf2 Nxg1 36. Kxg1 Qg3+ 37. Bg2 Rg6 38. Kh1 Re8 39. Ra2 Reg8 40. Qe2 Qxg2+ 41. Qxg2 Rxg2 42. Rxg2 Rxg2 43. Kxg2 Kg6 44. Kg3 b6 45. Kf4 a5 46. bxa5 bxa5 47. Ke3 0-1

[Event "World Amateur-ch"]
[Site "Neos Marmaras"]
[Date "2012.04.20"]
[Round "7"]
[White "Suuronen, Petri"]
[Black "Pertaia, Enver"]
[Result "1/2-1/2"]
[WhiteElo "1886"]
[BlackElo "1954"]
[PlyCount "72"]
[EventDate "2012.04.16"]
[EventType "swiss"]
[EventRounds "9"]
[EventCountry "GRE"]
[SourceTitle "CBM 148 Extra"]
[Source "ChessBase"]
[SourceDate "2012.06.22"]
[SourceVersion "1"]
[SourceVersionDate "2012.06.22"]
[SourceQuality "1"]

1. d4 c6 2. Nf3 d5 3. e3 Nf6 4. Bd3 Bg4 5. b3 e6 6. Bb2 Nbd7 7. Nbd2 Bd6 8. h3 Bxf3 9. Nxf3 Qc7 10. 0-0 e5 11. dxe5 Nxe5 12. Nxe5 Bxe5 13. Bxe5 Qxe5 14. Qe2 0-0 15. Rad1 Rfe8 16. Rfe1 a5 17. c4 a4 18. b4 a3 19. Rb1 dxc4 20. Bxc4 Ne4 21. Qc2 Red8 22. Bd3 Nf6 23. Red1 g6 24. Rb3 Rd6 25. Be2 Rad8 26. Rxd6 Rxd6 27. Rxa3 Qa1+ 28. Kh2 Kg7 29. Bf3 Qe1 30. Qe2 Qxb4 31. Rb3 Qa5 32. Rxb7 Rd2 33. Qc4 Qe5+ 34. Kg1 Qa1+ 35. Kh2 Qe5+ 36. Kg1 Qa1+ 1/2-1/2

[Event "Helsinki HSL Easter 4th Group A"]
[Site "Helsinki"]
[Date "2011.04.??"]
[Round "6"]
[White "Nyman, Leif"]
[Black "Suuronen, Petri"]
[Result "1-0"]
[WhiteElo "1881"]
[BlackElo "1897"]
[PlyCount "67"]
[EventDate "2011.04.21"]
[EventType "swiss"]
[EventRounds "7"]
[EventCountry "FIN"]
[SourceTitle "EXT 2022"]
[Source "ChessBase"]
[SourceDate "2021.10.06"]
[SourceVersion "1"]
[SourceVersionDate "2021.10.06"]
[SourceQuality "1"]

1. d4 d6 2. c4 e5 3. dxe5 dxe5 4. Qxd8+ Kxd8 5. Nc3 c6 6. Bg5+ f6 7. 0-0-0+ Kc7 8. Bd2 Be6 9. b3 Nd7 10. g3 Nh6 11. Bh3 Nc5 12. b4 Bxh3 13. Nxh3 Ne6 14. Ne4 Nf7 15. f4 f5 16. Nef2 e4 17. Bc3 Be7 18. g4 fxg4 19. Nxg4 Rhd8 20. Ngf2 Nd6 21. c5 Nb5 22. Be5+ Kc8 23. Nxe4 a5 24. Rxd8+ Kxd8 25. Rd1+ Ke8 26. f5 Nec7 27. a4 axb4 28. axb5 Nxb5 29. Bxg7 Nc3 30. Nxc3 bxc3 31. Bxc3 Bxc5 32. Kb1 b5 33. Nf4 b4 34. Ne6 1-0

[Event "FIN-chT1A 1011"]
[Site "Finland"]
[Date "2011.02.12"]
[Round "7.3"]
[White "Suuronen, Petri"]
[Black "Tonteri, Ari"]
[Result "1/2-1/2"]
[WhiteElo "1916"]
[BlackElo "1991"]
[PlyCount "42"]
[EventDate "2010.09.18"]
[EventType "team-tourn"]
[EventRounds "9"]
[EventCountry "FIN"]
[SourceTitle "EXT 2022"]
[Source "ChessBase"]
[SourceDate "2021.10.06"]
[SourceVersion "1"]
[SourceVersionDate "2021.10.06"]
[SourceQuality "1"]
[WhiteTeam "Helsinki I-HSK II"]
[BlackTeam "Hyvinkaa SK"]
[WhiteTeamCountry "FIN"]
[BlackTeamCountry "FIN"]

1. Nf3 Nf6 2. c4 e6 3. Nc3 d5 4. cxd5 Nxd5 5. e4 Nxc3 6. dxc3 Qxd1+ 7. Kxd1 Be7 8. Bf4 c6 9. Kc2 Nd7 10. Ne5 f6 11. Nxd7 Bxd7 12. Rd1 0-0-0 13. Bd6 Bxd6 14. Rxd6 Kc7 15. Rd2 Bc8 16. Be2 e5 17. Rhd1 Be6 18. a3 b6 19. c4 g6 20. Rxd8 Rxd8 21. Rxd8 Kxd8 1/2-1/2

[Event "Helsinki We HSL 7th"]
[Site "Helsinki"]
[Date "2011.??.??"]
[Round "3"]
[White "Suuronen, Petri"]
[Black "Haanpaa, Jorma"]
[Result "1/2-1/2"]
[WhiteElo "1897"]
[BlackElo "2011"]
[PlyCount "29"]
[EventDate "2011.??.??"]
[EventType "swiss"]
[EventRounds "5"]
[EventCountry "FIN"]
[SourceTitle "EXT 2022"]
[Source "ChessBase"]
[SourceDate "2021.10.06"]
[SourceVersion "1"]
[SourceVersionDate "2021.10.06"]
[SourceQuality "1"]

1. Nf3 c5 2. c4 Nc6 3. d4 cxd4 4. Nxd4 g6 5. e4 Bg7 6. Be3 d6 7. Be2 Nf6 8. Nc3 0-0 9. 0-0 Bd7 10. Qd2 Ng4 11. Bxg4 Bxg4 12. Rac1 Bd7 13. Kh1 Ne5 14. b3 Ng4 15. f4 1/2-1/2

[Event "Hameenlinna We HamSK"]
[Site "Hameenlinna"]
[Date "2011.??.??"]
[Round "2"]
[White "Suuronen, Petri"]
[Black "Paronen, Petteri"]
[Result "1/2-1/2"]
[WhiteElo "1897"]
[BlackElo "2161"]
[PlyCount "46"]
[EventDate "2011.??.??"]
[EventType "swiss"]
[EventRounds "5"]
[EventCountry "FIN"]
[SourceTitle "EXT 2022"]
[Source "ChessBase"]
[SourceDate "2021.10.06"]
[SourceVersion "1"]
[SourceVersionDate "2021.10.06"]
[SourceQuality "1"]

1. Nf3 d6 2. d4 Bg4 3. Nbd2 Nf6 4. h3 Bh5 5. g4 Bg6 6. Bg2 e6 7. Nh4 c6 8. Nxg6 hxg6 9. e4 Nbd7 10. c3 Be7 11. b3 Qc7 12. Bb2 0-0-0 13. Qc2 g5 14. 0-0-0 Nh7 15. Kb1 Nhf8 16. Bc1 Ng6 17. Nf1 Nh4 18. f3 Kb8 19. f4 gxf4 20. Bxf4 Qa5 21. Ne3 e5 22. Bg3 g6 23. Nc4 Qc7 1/2-1/2

[Event "FIN-chT1A 1011"]
[Site "Finland"]
[Date "2010.09.18"]
[Round "1.5"]
[White "Suuronen, Petri"]
[Black "Niemi, Olavi"]
[Result "0-1"]
[WhiteElo "1916"]
[BlackElo "2040"]
[PlyCount "176"]
[EventDate "2010.09.18"]
[EventType "team-tourn"]
[EventRounds "9"]
[EventCountry "FIN"]
[SourceTitle "EXT 2022"]
[Source "ChessBase"]
[SourceDate "2021.10.06"]
[SourceVersion "1"]
[SourceVersionDate "2021.10.06"]
[SourceQuality "1"]
[WhiteTeam "Helsinki I-HSK II"]
[BlackTeam "Jyvaskyla JyS"]
[WhiteTeamCountry "FIN"]
[BlackTeamCountry "FIN"]

1. Nf3 d5 2. d4 Nf6 3. c4 e6 4. Nc3 c6 5. cxd5 exd5 6. Bg5 Be7 7. e3 0-0 8. Qc2 Be6 9. Bd3 h6 10. Bxf6 Bxf6 11. b4 Nd7 12. 0-0 Rc8 13. Rfc1 b6 14. Ba6 Rb8 15. Bd3 c5 16. bxc5 bxc5 17. dxc5 Nxc5 18. Nd4 Nxd3 19. Qxd3 Qd7 20. Nce2 Rb2 21. a4 Rc8 22. Rxc8+ Qxc8 23. Rc1 Qd7 24. Qa3 Qb7 25. h3 Rb1 26. Nxe6 fxe6 27. Qd6 Rxc1+ 28. Nxc1 Qb1 29. Qxe6+ Kh7 30. Kh2 Qxc1 31. Qf5+ Kh8 32. Qxd5 Qc2 33. Qa8+ Kh7 34. Qxa7 Qxf2 35. Qc5 Bg5 36. Qd5 Qxe3 37. Qf5+ Kg8 38. Qc8+ Kf7 39. Qd7+ Qe7 40. Qf5+ Qf6 41. Qd7+ Kg6 42. Qe8+ Kh7 43. Qe4+ Kg8 44. Qe8+ Qf8 45. Qe6+ Kh8 46. g3 Qf2+ 47. Kh1 Qf3+ 48. Kh2 Bf6 49. Qc8+ Kh7 50. Qc2+ Kg8 51. Qc8+ Kf7 52. Qc4+ Kg6 53. Qc2+ Qf5 54. Qe2 Qb1 55. Qg4+ Kh7 56. h4 Qb2+ 57. Kh3 Qb1 58. Qf3 Qc2 59. a5 Qc4 60. Qf5+ Kg8 61. h5 Kf7 62. Qd7+ Kf8 63. Qd6+ Be7 64. Qb8+ Kf7 65. Qb1 Qe6+ 66. Kh2 Qe2+ 67. Kh3 Qxh5+ 68. Kg2 Qxa5 69. Qb3+ Kf6 70. Qf3+ Qf5 71. Qc6+ Kg5 72. Qc1+ Kg6 73. Qc6+ Kh7 74. Kh2 h5 75. Kg2 h4 76. Qb7 h3+ 77. Kh2 Bd6 78. Qb3 Kh6 79. Qe3+ g5 80. Qc3 Qe5 81. Qd3 Qxg3+ 82. Qxg3 Bxg3+ 83. Kxg3 g4 84. Kh2 Kh5 85. Kg3 Kg5 86. Kh2 Kf4 87. Kg1 Kf3 88. Kh1 Kf2 0-1

[Event "Helsinki-ch 2010 Group A2 Kanko 75"]
[Site "Helsinki"]
[Date "2009.12.??"]
[Round "3"]
[White "Rauramaa, Julius"]
[Black "Suuronen, Petri"]
[Result "1/2-1/2"]
[WhiteElo "1738"]
[BlackElo "1960"]
[PlyCount "82"]
[EventDate "2009.12.27"]
[EventType "swiss"]
[EventRounds "4"]
[EventCountry "FIN"]
[SourceTitle "EXT 2022"]
[Source "ChessBase"]
[SourceDate "2021.10.06"]
[SourceVersion "1"]
[SourceVersionDate "2021.10.06"]
[SourceQuality "1"]

1. e4 d6 2. d4 Nf6 3. Bd3 e5 4. d5 g6 5. Nf3 Bg7 6. 0-0 0-0 7. Bg5 Nbd7 8. c4 h6 9. Bh4 Nc5 10. Nc3 g5 11. Bg3 Nxd3 12. Qxd3 Nh5 13. Nd2 f5 14. exf5 Bxf5 15. Nde4 Qe8 16. Qe3 Qg6 17. c5 Nf6 18. f3 Nxe4 19. fxe4 Bd7 20. cxd6 cxd6 21. Rxf8+ Bxf8 22. Rc1 Be7 23. Bf2 g4 24. Qd3 h5 25. Nb5 Bxb5 26. Qxb5 Qxe4 27. Qxb7 Re8 28. Qd7 Qg6 29. Qxa7 Bg5 30. Be3 h4 31. Rf1 Bxe3+ 32. Qxe3 Rf8 33. Rxf8+ Kxf8 34. Qc1 Qe4 35. Qd1 Ke7 36. a4 h3 37. Qd2 hxg2 38. Qg5+ Kf7 39. Qh5+ Kg7 40. Qg5+ Kh7 41. Qh5+ Kg7 1/2-1/2

[Event "Calvia Amateur op 6th"]
[Site "Calvia"]
[Date "2009.10.12"]
[Round "3"]
[White "Suuronen, Petri"]
[Black "Bendayan Claros, Aaron Arturo"]
[Result "0-1"]
[WhiteElo "1970"]
[BlackElo "2179"]
[PlyCount "64"]
[EventDate "2009.10.10"]
[EventType "swiss"]
[EventRounds "9"]
[EventCountry "ESP"]
[SourceTitle "CBM 132 Extra"]
[Source "ChessBase"]
[SourceDate "2009.11.03"]
[SourceVersion "1"]
[SourceVersionDate "2009.11.03"]
[SourceQuality "1"]

1. c4 e5 2. Nc3 Nc6 3. g3 Nf6 4. Bg2 Bb4 5. a3 Bxc3 6. bxc3 0-0 7. e4 b6 8. Ne2 Bb7 9. 0-0 Qe7 10. d3 d6 11. h3 Nd7 12. g4 Nd8 13. f4 f6 14. g5 Nf7 15. Be3 Rfd8 16. Ng3 Nf8 17. Nh5 h6 18. Qd2 c6 19. Qa2 Qd7 20. Rfd1 d5 21. cxd5 cxd5 22. Qb3 dxe4 23. dxe4 Qc7 24. h4 Kh8 25. Ng3 Ba6 26. Bf1 Bxf1 27. Kxf1 Nd6 28. Ke2 Qc4+ 29. Qxc4 Nxc4 30. Rd5 Rxd5 31. exd5 Rd8 32. Rd1 Nxa3 0-1

[Event "FIN-ch op"]
[Site "Mantta"]
[Date "2009.08.08"]
[Round "8"]
[White "Suuronen, Petri"]
[Black "Raitanen, Markku"]
[Result "1-0"]
[WhiteElo "1946"]
[BlackElo "1990"]
[PlyCount "99"]
[EventDate "2009.08.03"]
[EventType "swiss"]
[EventRounds "9"]
[EventCountry "FIN"]
[SourceTitle "EXT 2022"]
[Source "ChessBase"]
[SourceDate "2021.10.06"]
[SourceVersion "1"]
[SourceVersionDate "2021.10.06"]
[SourceQuality "1"]

1. Nf3 d5 2. d4 Nf6 3. c4 dxc4 4. e3 Bg4 5. Bxc4 e6 6. Nc3 Nbd7 7. h3 Bh5 8. a3 Bd6 9. Bd2 e5 10. Qb3 exd4 11. Nxd4 0-0 12. g4 Nc5 13. Qa2 Bg6 14. Nf5 Be5 15. 0-0-0 Bxf5 16. gxf5 Nd3+ 17. Bxd3 Qxd3 18. Qb1 Qc4 19. f4 Bxc3 20. Bxc3 Rfd8 21. Qc2 Qa2 22. Bxf6 Qa1+ 23. Qb1 Qxb1+ 24. Kxb1 gxf6 25. Kc2 Kf8 26. e4 Ke7 27. Rhg1 Rg8 28. Rg4 h5 29. Rh4 Rg2+ 30. Rd2 Rxd2+ 31. Kxd2 Rh8 32. e5 c5 33. Ke3 b5 34. Ke4 Rd8 35. Rxh5 Rd2 36. exf6+ Kxf6 37. Rh6+ Ke7 38. Ra6 Rxb2 39. f6+ Kd8 40. Rxa7 c4 41. Rxf7 Ke8 42. Rb7 Rb3 43. h4 Rxa3 44. Rxb5 Rh3 45. Kf5 Rxh4 46. Ke6 Kd8 47. Rd5+ Kc7 48. Rc5+ Kd8 49. Rxc4 Rh6 50. Ra4 1-0

[Event "FIN-ch op"]
[Site "Mantta"]
[Date "2009.08.06"]
[Round "6"]
[White "Suuronen, Petri"]
[Black "Maki, Juha"]
[Result "0-1"]
[WhiteElo "1946"]
[BlackElo "2022"]
[PlyCount "76"]
[EventDate "2009.08.03"]
[EventType "swiss"]
[EventRounds "9"]
[EventCountry "FIN"]
[SourceTitle "EXT 2022"]
[Source "ChessBase"]
[SourceDate "2021.10.06"]
[SourceVersion "1"]
[SourceVersionDate "2021.10.06"]
[SourceQuality "1"]

1. Nf3 d5 2. d4 Nf6 3. c4 e6 4. cxd5 exd5 5. Nc3 c6 6. Qc2 Bd6 7. Bg5 Be6 8. e3 Nbd7 9. Bd3 Qc7 10. 0-0 Bg4 11. h3 Bxf3 12. gxf3 h6 13. Bxf6 Nxf6 14. Rfc1 Qe7 15. Kf1 Nh5 16. a3 0-0 17. f4 Qh4 18. Bf5 Rae8 19. Ne2 Re7 20. Ng1 Nf6 21. Kg2 g6 22. Nf3 Qh5 23. Bd3 Ne4 24. Qd1 Qf5 25. Bxe4 dxe4 26. Ne5 h5 27. Nc4 Bc7 28. Qb3 g5 29. Rg1 Kh7 30. Qb4 Qf6 31. Qc5 b6 32. Qb4 gxf4 33. exf4 Bxf4 34. Ne5 c5 35. Qe1 Qf5 36. Nc4 Rg8+ 37. Kf1 Qxh3+ 38. Ke2 Qd3# 0-1